000 00311nam a22001337a 4500
008 170605b xxu||||| |||| 00| 0 eng d
020 _a03634796
041 _aeng
080 _a94(100)
100 _a18
101 _aSHH
245 _aWORLD MILITARY AND SOCIAL EXPENDITURES
_cSIVARD.R.L
942 _2udc
_cBK
999 _c15921
_d15921